MARC

LEADER 00000nam0a2200000 4500
001 297436
005 20231102001016.0
035 |a (RuTPU)RU\TPU\book\322569 
090 |a 297436 
100 |a 20150608d1983 km y0rusy50 ca 
101 0 |a rus 
102 |a RU 
105 |a y z 001zy 
200 1 |a Приближенные методы исследования дифференциальных уравнений и их приложения  |e межвузовский сборник  |f Куйбышевский государственный университет ; под ред. В. В. Стрыгина 
210 |a Куйбышев  |c [Б. и.]  |d 1983 
215 |a 152 с. 
320 |a Библиография в конце статей 
606 1 |a Дифференциальные уравнения  |x Решение  |x Асимптотические методы  |2 stltpush  |3 (RuTPU)RU\TPU\subj\9700  |9 36881 
610 1 |a приближенные методы 
610 1 |a приложения 
610 1 |a малые параметры 
610 1 |a качественные методы 
610 1 |a функциональный анализ 
610 1 |a дифференциально-разностные уравнения 
675 |a 517.928  |v 4 
702 1 |a Стрыгин  |b В. В.  |4 340 
712 0 2 |a Куйбышевский государственный университет  |c (1966-1991)  |2 stltpush  |3 (RuTPU)RU\TPU\col\9904  |9 24761 
801 1 |a RU  |b 63413507  |c 20150608 
801 2 |a RU  |b 63413507  |c 20181030  |g RCR 
942 |c BK